Las metamorfosis de la ciudad de Dios

Uloženo v:
Podrobná bibliografie
Hlavní autor: Gilson, Étienne (autor)
Médium: Kniha
Jazyk:španělština
Vydáno: Buenos Aires Troquel 1954
Témata:
Tagy: Přidat tag
Žádné tagy, Buďte první, kdo vytvoří štítek k tomuto záznamu!

MARC

LEADER 00000nam a2200000 a 4500
001 UCZ5201
003 CL-VaPUC
005 20240509153234.0
008 951117e19540000AG |||||||||||||||||spa|d
999 |c 241523  |d 241521 
040 |c Pontificia Universidad Católica de Valparaíso 
082 0 4 |a 210  |b GIL  |2 21 
100 |a Gilson, Étienne  |e autor  |9 349171 
245 1 4 |a Las metamorfosis de la ciudad de Dios 
260 |a Buenos Aires  |b Troquel  |c 1954 
300 |a 295 p 
583 |a last modification  |c 19951117 00:00:00  |k Rodrigo Vera 
600 0 |a Dios  |9 314467 
650 0 |a Teología dogmática  |9 258766 
650 7 |a Doctrina cristiana  |2 CL-VaPUC  |9 337177 
650 0 |a Fé en Dios  |9 316904  |x Cristianismo 
650 0 |a Filosofía cristiana  |x Historia  |9 888874 
942 |c BK  |2 ddc 
945 |d 19951117 00:00:00  |a cmena 
952 |0 0  |1 0  |4 0  |6 210_000000000000000_GIL_1954  |7 0  |8 P  |9 253860  |a BIBEDU  |b BIBEDU  |c BIBEDU_PB  |d 2019-11-19  |i 1572695  |o 210 GIL 1954  |p 1572695  |r 2024-01-25  |w 2019-11-19  |y BK  |k FIL 
952 |0 0  |1 0  |2 ddc  |4 0  |6 210_000000000000000_GIL_1954  |7 1  |8 R  |9 253861  |a BIBHIS  |b BIBHIS  |d 2019-11-19  |i 1331337  |o 210 GIL 1954  |p 1331337  |r 2024-01-30  |w 2019-11-19  |y BK_R  |k HIS